| 000 | 01097cam a2200241 4500 | ||
|---|---|---|---|
| 001 | ABS65246 | ||
| 008 | 020404n2002 000 0 eng u | ||
| 035 | _a(Sirsi) u117365 | ||
| 100 | _aTackaberry, J. | ||
| 245 | _aAssignment of the right to arbitration | ||
| 260 | _c2002 | ||
| 490 |
_aConstruction Law Journal _v17(4) 2001, 287-293(7) |
||
| 520 | _aLooks at the position of current authorities on contracts which contain a prohibition on the assignment of a contract, or the benefit under the contract, or particular benefits under the contract. These prohibitions are qualified by permitting assignment if prior written consent is obtained. Examines the relationship of these clauses with the provision for arbitration. With reference to case law. | ||
| 590 | _aABS | ||
| 650 | _aASSIGNMENT | ||
| 650 | _aBENEFIT OF CONTRACT | ||
| 650 | _aMANAGEMENT-DISPUTE AVOIDANCE, MANAGEMENT AND RESOLUTION-DISPUTE MANAGEMENT AND RESOLUTION-ARBITRATION | ||
| 650 | _aLEASES | ||
| 650 |
_aContracts _96232 |
||
| 650 | _aCONTRACT CLAUSES | ||
| 690 |
_aDispute resolution _96236 |
||
| 942 | _n0 | ||
| 999 |
_c69922 _d69922 |
||